000 00726nam a2200241Ia 4500
003 OSt
005 20220918170130.0
006 a|||||r|||| 00| 0
007 ta
008 220917b |||||||| |||| 00| 0 eng d
020 _a9027703922
024 _a244,423
037 _cTextual
040 _aARTS
_cARTS
_beng
041 _2eng
_aeng
082 _aA:(R)p1,N69, L4
100 _aCohen Robert S. Ed.
_921119
245 0 _aMethodological and historical essays in the natural and social sciences
260 _aDordrecht
_bD.Reidel Pub
_c1974
700 _a Wartofsky Marx W. Ed.
_927282
942 _hA:(R)p1,N69, L4
_cTEXL
_2CC
999 _c132789
_d132789